00368nam a2200157Ia 45000010006000000050017000060080041000230410008000640820016000721000028000882450037001162600009001533000032001626500008001946540008002022228120260414150820.0260414t2007||||xx |||||||||||||| ||spa|| aESP a621.31bB17 aBalabanian, NormaneAUT 0aTeoría de redes eléctricasb c2007 axx, 909 páginas :c21 cm. aTCA aCET